| 000 | 01615nam a2200241Ia 4500 | ||
|---|---|---|---|
| 008 | 260220t1976||||xx |||||||||||||| ||spa|| | ||
| 040 |
_aPY-SlUNAC _bspa _erda |
||
| 041 | _aspa | ||
| 082 |
_a863 _bUn1m |
||
| 100 |
_aUmbral, Francisco _eAutor |
||
| 245 | 0 |
_aLos males sagrados / _cpor Francisco Umbral [Autor] |
|
| 264 |
_aBarcelona : _bDestino, _c℗1976. |
||
| 300 | _a1 volumen | ||
| 520 | _a"Los males sagrados" de Francisco Umbral es una obra que explora la complejidad de la condición humana a través de una serie de relatos en los que se entrelazan lo sagrado y lo profano. En este libro, Umbral utiliza un estilo periodístico y literario para abordar temas como la soledad, la búsqueda de identidad y la lucha interna entre el deseo y la moralidad. A través de personajes que representan diversas facetas de la sociedad española, el autor revela las contradicciones y tensiones que la definen. La narrativa se caracteriza por un lenguaje poético y incisivo, lo que permite al lector reflexionar sobre las cuestiones existenciales que enfrenta cada individuo. La obra invita a cuestionar los valores establecidos y a considerar cómo los "males sagrados" pueden manifestarse en la vida cotidiana, mostrando que lo divino y lo terrenal a menudo se encuentran en un delicado equilibrio. Así, Umbral ofrece una visión profunda y crítica de su época. | ||
| 653 | _aCultura | ||
| 653 | _aLiteratura | ||
| 653 | _aReligión | ||
| 942 |
_b2026/02/17 _cBK |
||
| 999 |
_c9289 _d9289 |
||